000 00626nam a22001817a 4500
003 OSt
005 20240906150030.0
008 240906b ||||| |||| 00| 0 eng d
040 _cAIMIT LIBRARY
100 _aMonteiro, Sampreeth.
_e2216172
_9178909
245 _aPerformance evaluation of selected mutual funds /
_cBy Sampreeth Monteiro ; Guided by Divya Pereira.
260 _aBangalore ;
_c2024.
650 _aResearch methodology
_9178910
650 _aData analysis and interpretation
_9178911
700 _aPereira, Divya.
_eGuide
_9178912
856 _3Simplus financial consultancy private limited
942 _2ddc
_cPRO
999 _c231776
_d231776